| 000 | 00776nam a2200193 a 4500 | ||
|---|---|---|---|
| 008 | 070705s2007 ||||||||||||||||| || u | ||
| 020 | _a0821368745 | ||
| 050 | _aHJ 8899 Dev | ||
| 110 | _aWorld Bank | ||
| 245 | 1 | 0 | _aDeveloping the domestic government debt market: from diagnostics to reform implementation |
| 260 |
_aWashington, D. C. _bWorld Bank _c2007 |
||
| 300 | _axii, 103p. | ||
| 350 | _a0.00 | ||
| 650 | _aBOND MARKET--DEVELOPING COUNTRIES | ||
| 650 | _aGOVERNMENT SECURITIES--DEVELOPING COUNTRIES | ||
| 650 | _aDEBT, PUBLIC--DEVELOPING COUNTRIES | ||
| 650 | 0 | _aFINANCE--DEVELOPING COUNTRIES | |
| 995 |
_D0.00 _FCBU-MAIN LIBRARY (Kitwe) _H1 _I0.00 _M1 _UAVAILABLE _WJul 5, 2007 _ZMain Library Open Access Collection |
||
| 999 |
_c39918 _d39918 |
||